[Event "Oberliga Nord W 2324"]
[Site "Germany"]
[Date "2024.04.28"]
[Round "9.4"]
[White "Meessen, Max"]
[Black "Spiess, Thomas"]
[Result "1-0"]
[WhiteElo "2144"]
[BlackElo "1992"]
[PlyCount "95"]
[EventDate "2023.10.22"]
[EventType "team-tourn"]
[EventRounds "9"]
[EventCountry "GER"]
[SourceTitle "EXT 2025"]
[Source "ChessBase"]
[SourceDate "2024.10.14"]
[SourceVersion "1"]
[SourceVersionDate "2024.10.14"]
[SourceQuality "1"]
[WhiteTeam "Oldenburg Union"]
[BlackTeam "Ricklingen"]
[WhiteTeamCountry "GER"]
[BlackTeamCountry "GER"]

1. d4 d5 2. c4 c6 3. Nf3 Nf6 4. g3 dxc4 5. Bg2 b5 6. 0-0 Nbd7 7. b3 cxb3 8. Qxb3 e6 9. Nc3 a5 10. Bg5 Qb6 11. Rac1 a4 12. Qc2 Ba3 13. Rb1 Be7 14. Ne5 Nxe5 15. dxe5 Nd5 16. Bxe7 Kxe7 17. Nxa4 Qd4 18. Nc5 Qxe5 19. Nd3 Qc3 20. Qd1 Rxa2 21. Rc1 Qd4 22. Rxc6 Bd7 23. Rc2 Re8 24. e3 Qa4 25. Rxa2 Qxa2 26. Qh5 h6 27. Nb4 Qd2 28. Nxd5+ exd5 29. Bxd5 Rf8 30. Qe5+ Be6 31. Bxe6 fxe6 32. Qxg7+ Rf7 33. Qxh6 b4 34. Qh4+ Ke8 35. Qe4 Ke7 36. h4 Rf8 37. g4 Rf7 38. h5 Qc3 39. Rb1 Qf6 40. Qxb4+ Ke8 41. Qb8+ Kd7 42. Rd1+ Kc6 43. Qd6+ Kb5 44. Rb1+ Kc4 45. Rb4+ Kc3 46. Qc5+ Kd2 47. Rd4+ Ke2 48. Qc2+ 1-0

[Event "Oberliga Nord W 2324"]
[Site "Germany"]
[Date "2024.04.14"]
[Round "8.3"]
[White "Helmer, Jan"]
[Black "Spiess, Thomas"]
[Result "1-0"]
[WhiteElo "2212"]
[BlackElo "1992"]
[PlyCount "111"]
[EventDate "2023.10.22"]
[EventType "team-tourn"]
[EventRounds "9"]
[EventCountry "GER"]
[SourceTitle "EXT 2025"]
[Source "ChessBase"]
[SourceDate "2024.10.14"]
[SourceVersion "1"]
[SourceVersionDate "2024.10.14"]
[SourceQuality "1"]
[WhiteTeam "Hameln"]
[BlackTeam "Ricklingen"]
[WhiteTeamCountry "GER"]
[BlackTeamCountry "GER"]

1. d4 d5 2. c4 c6 3. Nf3 Nf6 4. e3 e6 5. Nbd2 Nbd7 6. Bd3 Bd6 7. 0-0 0-0 8. b3 e5 9. cxd5 cxd5 10. dxe5 Nxe5 11. Be2 Re8 12. Bb2 Nc6 13. Nd4 Bd7 14. N2f3 Rc8 15. Rc1 Bb8 16. a3 Qe7 17. Nxc6 Bxc6 18. Qd4 Qd6 19. Bd3 Qf8 20. Bf5 Rcd8 21. Qh4 Qd6 22. Bxf6 Qxf6 23. Bxh7+ Kf8 24. Qxf6 gxf6 25. Nd4 Re5 26. Bf5 Kg7 27. g3 Bc7 28. Bg4 Rh8 29. Rfd1 Rg5 30. Bf3 Bd6 31. Nxc6 bxc6 32. Rxc6 Bxa3 33. Bxd5 Rd8 34. e4 f5 35. f4 Rh5 36. e5 Rdh8 37. h4 Rb8 38. Rc7 Rf8 39. Kg2 a5 40. Bc4 Rh7 41. Rdd7 Kg6 42. e6 Bb4 43. exf7 Rh6 44. Bd3 Kg7 45. Bxf5 Rf6 46. Be4 R8xf7 47. Rxf7+ Rxf7 48. Rxf7+ Kxf7 49. g4 Bd2 50. Kf3 Be1 51. h5 Bd2 52. g5 Kg7 53. h6+ Kg8 54. g6 Bc3 55. g7 Bxg7 56. hxg7 1-0

[Event "Oberliga Nord W 2324"]
[Site "Germany"]
[Date "2024.02.04"]
[Round "5.4"]
[White "Rietman, Frits"]
[Black "Spiess, Thomas"]
[Result "1-0"]
[WhiteElo "2214"]
[BlackElo "1992"]
[PlyCount "75"]
[EventDate "2023.10.22"]
[EventType "team-tourn"]
[EventRounds "9"]
[EventCountry "GER"]
[SourceTitle "EXT 2025"]
[Source "ChessBase"]
[SourceDate "2024.10.14"]
[SourceVersion "1"]
[SourceVersionDate "2024.10.14"]
[SourceQuality "1"]
[WhiteTeam "Nordhorn Blanke"]
[BlackTeam "Ricklingen"]
[WhiteTeamCountry "GER"]
[BlackTeamCountry "GER"]

1. e4 c5 2. Nf3 e6 3. c3 Nf6 4. e5 Nd5 5. d4 cxd4 6. cxd4 d6 7. Bc4 Be7 8. 0-0 0-0 9. Re1 Qc7 10. Bxd5 exd5 11. Nc3 Be6 12. Bg5 dxe5 13. Bxe7 Qxe7 14. Nxe5 Qd6 15. Rc1 Nc6 16. Nxc6 bxc6 17. Na4 Rab8 18. b3 Rb4 19. Qd2 Rb5 20. Nc5 Bc8 21. Qe3 Qf6 22. a3 g6 23. Rcd1 Kg7 24. h3 h5 25. Qe7 a5 26. Re3 Bf5 27. Re5 Qxe7 28. Rxe7 Bc2 29. Rde1 Rc8 30. Ra7 Bxb3 31. Ree7 Kh6 32. Rxf7 Bc2 33. f4 Rh8 34. Ne6 Rb1+ 35. Kh2 Be4 36. Ng5 Rb2 37. Rh7+ Rxh7 38. Rxh7# 1-0

[Event "Oberliga Nord W 2223"]
[Site "Germany"]
[Date "2023.02.26"]
[Round "6.3"]
[White "Bredemeier, Dirk"]
[Black "Spiess, Thomas"]
[Result "1-0"]
[WhiteElo "2233"]
[BlackElo "2000"]
[PlyCount "49"]
[EventDate "2022.10.23"]
[EventType "team-tourn"]
[EventRounds "9"]
[EventCountry "GER"]
[SourceTitle "EXT 2025"]
[Source "ChessBase"]
[SourceDate "2024.10.14"]
[SourceVersion "1"]
[SourceVersionDate "2024.10.14"]
[SourceQuality "1"]
[WhiteTeam "Oldenburg Union"]
[BlackTeam "Ricklingen"]
[WhiteTeamCountry "GER"]
[BlackTeamCountry "GER"]

1. d4 d5 2. c4 c6 3. Nc3 Nf6 4. e3 e6 5. Nf3 Nbd7 6. Bd3 dxc4 7. Bxc4 b5 8. Bd3 Bb7 9. e4 b4 10. Na4 c5 11. e5 Nd5 12. 0-0 cxd4 13. Re1 a6 14. Bd2 Qb8 15. Qe2 g6 16. Rac1 Qa7 17. Ng5 Bg7 18. Qf3 N5f6 19. Qh3 Nh5 20. Nxe6 Bc8 21. Nc7+ Kf8 22. Nxa8 Qxa8 23. Bxb4+ Kg8 24. Be4 Qb8 25. Bd6 1-0

[Event "Oberliga Nord W 2223"]
[Site "Germany"]
[Date "2023.01.15"]
[Round "4.3"]
[White "Mossakowski, Florian"]
[Black "Spiess, Thomas"]
[Result "1-0"]
[WhiteElo "2295"]
[BlackElo "2000"]
[PlyCount "53"]
[EventDate "2022.10.23"]
[EventType "team-tourn"]
[EventRounds "9"]
[EventCountry "GER"]
[SourceTitle "EXT 2025"]
[Source "ChessBase"]
[SourceDate "2024.10.14"]
[SourceVersion "1"]
[SourceVersionDate "2024.10.14"]
[SourceQuality "1"]
[WhiteTeam "Delmenhorst"]
[BlackTeam "Ricklingen"]
[WhiteTeamCountry "GER"]
[BlackTeamCountry "GER"]

1. e4 c5 2. Nf3 d6 3. d4 cxd4 4. Nxd4 Nf6 5. Nc3 a6 6. f4 e5 7. Nf3 Nbd7 8. a4 Be7 9. Bd3 0-0 10. 0-0 Nc5 11. Qe1 exf4 12. Kh1 Nxd3 13. cxd3 Bg4 14. Bxf4 Bh5 15. Bg5 Rc8 16. Nd4 h6 17. Bh4 g5 18. Bg3 Bg6 19. Nf5 Bxf5 20. Rxf5 Nh5 21. Nd5 Ng7 22. Rf2 h5 23. h3 h4 24. Bh2 Ne6 25. Qe2 f6 26. Qg4 Ng7 27. Qxc8 1-0

[Event "Oberliga Nord W 2223"]
[Site "Germany"]
[Date "2022.11.27"]
[Round "2.3"]
[White "Renner, Kai"]
[Black "Spiess, Thomas"]
[Result "1-0"]
[WhiteElo "2159"]
[BlackElo "2000"]
[PlyCount "45"]
[EventDate "2022.10.23"]
[EventType "team-tourn"]
[EventRounds "9"]
[EventCountry "GER"]
[SourceTitle "EXT 2025"]
[Source "ChessBase"]
[SourceDate "2024.10.14"]
[SourceVersion "1"]
[SourceVersionDate "2024.10.14"]
[SourceQuality "1"]
[WhiteTeam "Hameln"]
[BlackTeam "Ricklingen"]
[WhiteTeamCountry "GER"]
[BlackTeamCountry "GER"]

1. e4 c5 2. Nf3 d6 3. d4 cxd4 4. Nxd4 Nf6 5. Nc3 a6 6. Be2 e5 7. Nb3 Be7 8. 0-0 0-0 9. Qd3 Be6 10. Nd5 Bxd5 11. exd5 Nbd7 12. Rd1 Re8 13. c4 Nb6 14. Na5 Qc7 15. Bd2 Nfd7 16. b4 f5 17. f3 g6 18. Rac1 Bf6 19. Be3 e4 20. fxe4 Ne5 21. Qb3 fxe4 22. c5 Nbd7 23. c6 1-0

[Event "Oberliga Nord W 2223"]
[Site "Germany"]
[Date "2022.10.23"]
[Round "1.2"]
[White "Spiess, Thomas"]
[Black "Polster, Christian"]
[Result "0-1"]
[WhiteElo "2000"]
[BlackElo "2231"]
[PlyCount "28"]
[EventDate "2022.10.23"]
[EventType "team-tourn"]
[EventRounds "9"]
[EventCountry "GER"]
[SourceTitle "EXT 2025"]
[Source "ChessBase"]
[SourceDate "2024.10.14"]
[SourceVersion "1"]
[SourceVersionDate "2024.10.14"]
[SourceQuality "1"]
[WhiteTeam "Ricklingen"]
[BlackTeam "Lister Turm II"]
[WhiteTeamCountry "GER"]
[BlackTeamCountry "GER"]

1. Nf3 d5 2. e3 Nf6 3. c4 e6 4. b3 Be7 5. Bb2 0-0 6. Nc3 c5 7. cxd5 Nxd5 8. Nxd5 exd5 9. Be2 d4 10. exd4 Bf6 11. 0-0 Nc6 12. a3 Nxd4 13. Nxd4 Bxd4 14. Re1 Qa5 0-1

[Event "Wch Seniors 50 28th"]
[Site "Bled"]
[Date "2018.11.20"]
[Round "3"]
[White "Koehler, Gerhard"]
[Black "Spiess, Thomas"]
[Result "1/2-1/2"]
[WhiteElo "2197"]
[BlackElo "1975"]
[PlyCount "34"]
[EventDate "2018.11.18"]
[EventType "swiss"]
[EventRounds "11"]
[EventCountry "SLO"]
[SourceTitle "CBM 187 Extra"]
[Source "ChessBase"]
[SourceDate "2018.11.04"]
[SourceVersion "1"]
[SourceVersionDate "2018.11.04"]
[SourceQuality "1"]

1. c4 c6 2. Nf3 d5 3. e3 Nf6 4. Nc3 e6 5. b3 Nbd7 6. Be2 Be7 7. Bb2 b6 8. cxd5 exd5 9. Nd4 Bb7 10. Nf5 Bf8 11. d4 g6 12. Ng3 Bg7 13. Ba3 c5 14. Nb5 0-0 15. Nd6 Bc6 16. Nb5 Re8 17. 0-0 a6 1/2-1/2

[Event "Niedersachsen-ch op A"]
[Site "Verden"]
[Date "2018.01.05"]
[Round "4"]
[White "Spiess, Thomas"]
[Black "Schau, Helmut"]
[Result "0-1"]
[WhiteElo "2023"]
[BlackElo "1832"]
[PlyCount "80"]
[EventDate "2018.01.04"]
[EventType "swiss"]
[EventRounds "7"]
[EventCountry "GER"]
[SourceTitle "EXT 2022"]
[Source "ChessBase"]
[SourceDate "2021.10.06"]
[SourceVersion "1"]
[SourceVersionDate "2021.10.06"]
[SourceQuality "1"]

1. Nf3 d5 2. c4 e6 3. g3 Nf6 4. Bg2 Be7 5. 0-0 0-0 6. d4 Nbd7 7. Qc2 b6 8. Rd1 Bb7 9. Nc3 Rc8 10. Ne5 c6 11. h3 Nxe5 12. dxe5 Nd7 13. cxd5 cxd5 14. e4 d4 15. Rxd4 Qc7 16. Bf4 Nxe5 17. Rad1 Bf6 18. R4d2 g5 19. Rd7 Qb8 20. Bxe5 Bxe5 21. Qd2 h6 22. h4 Bc6 23. Rd3 Bf6 24. Qe3 Qe5 25. f4 gxf4 26. gxf4 Qc5 27. Qxc5 bxc5 28. h5 Bd4+ 29. Kh2 Kh7 30. b3 Rg8 31. Bf3 Rg7 32. a4 Rb8 33. Ne2 e5 34. f5 f6 35. Rc1 Bb7 36. Nxd4 cxd4 37. Rg1 Rxg1 38. Kxg1 Rc8 39. b4 Rc3 40. Rxc3 dxc3 0-1

[Event "Niedersachsen-ch op A"]
[Site "Verden"]
[Date "2018.01.04"]
[Round "1"]
[White "Poelig, Juergen"]
[Black "Spiess, Thomas"]
[Result "1/2-1/2"]
[WhiteElo "1818"]
[BlackElo "2023"]
[PlyCount "75"]
[EventDate "2018.01.04"]
[EventType "swiss"]
[EventRounds "7"]
[EventCountry "GER"]
[SourceTitle "EXT 2022"]
[Source "ChessBase"]
[SourceDate "2021.10.06"]
[SourceVersion "1"]
[SourceVersionDate "2021.10.06"]
[SourceQuality "1"]

1. Nf3 d5 2. g3 c6 3. Bg2 Nf6 4. 0-0 Bg4 5. d3 Nbd7 6. Nbd2 e6 7. e4 dxe4 8. dxe4 e5 9. h3 Bxf3 10. Qxf3 Qc7 11. a4 a5 12. Nc4 Be7 13. Ne3 g6 14. Re1 Kf8 15. Bf1 Nb6 16. Nc4 Kg7 17. Qe3 Nbd7 18. Qh6+ Kg8 19. Bg5 Bf8 20. Qh4 Bg7 21. g4 h6 22. Bd2 g5 23. Qg3 Nh7 24. Bc3 Nhf8 25. Red1 Ng6 26. Nd6 Bf8 27. Nf5 Nc5 28. Qf3 Nf4 29. Bc4 Rh7 30. Rd2 Kh8 31. b3 f6 32. Rad1 Rd7 33. Rxd7 Nxd7 34. h4 Nc5 35. hxg5 hxg5 36. Qh1+ Qh7 37. Qxh7+ Kxh7 38. f3 1/2-1/2

[Event "Wch Seniors 50 26th"]
[Site "Marianske Lazne"]
[Date "2016.11.30"]
[Round "11"]
[White "Spiess, Thomas"]
[Black "Becvar, Miroslav"]
[Result "1/2-1/2"]
[WhiteElo "1999"]
[BlackElo "1834"]
[PlyCount "91"]
[EventDate "2016.11.19"]
[EventType "swiss"]
[EventRounds "11"]
[EventCountry "CZE"]
[SourceTitle "CBM 175 Extra"]
[Source "ChessBase"]
[SourceDate "2016.12.12"]
[SourceVersion "1"]
[SourceVersionDate "2016.12.12"]
[SourceQuality "1"]

1. Nf3 d5 2. c4 e6 3. g3 b6 4. Bg2 Bb7 5. 0-0 Nf6 6. cxd5 exd5 7. d4 Be7 8. Nc3 0-0 9. Qc2 Na6 10. Rd1 c6 11. Nh4 Nc7 12. Nf5 Ne6 13. Nxe7+ Qxe7 14. a4 Rfe8 15. b3 Rac8 16. Ba3 Qd8 17. Qd3 Ng5 18. f3 Rc7 19. h4 Ne6 20. Kh2 Bc8 21. b4 g6 22. b5 c5 23. dxc5 Nxc5 24. Bxc5 Rxc5 25. e4 Qc7 26. Nxd5 Nxd5 27. exd5 Bf5 28. Qd4 Qd6 29. Re1 Rd8 30. f4 h6 31. Rad1 Rdc8 32. Rd2 Rc4 33. Qe5 Rd8 34. Qxd6 Rxd6 35. Ra1 Kf8 36. a5 Rb4 37. axb6 axb6 38. Bf1 Be4 39. Ra8+ Kg7 40. Rb8 h5 41. Kg1 Rb3 42. Kh2 Rb1 43. Kg1 Rb3 44. Kh2 Rb1 45. Kg1 Rb3 46. Kh2 1/2-1/2

[Event "Wch Seniors 50 26th"]
[Site "Marianske Lazne"]
[Date "2016.11.20"]
[Round "2"]
[White "Barle, Janez"]
[Black "Spiess, Thomas"]
[Result "1-0"]
[WhiteElo "2303"]
[BlackElo "1999"]
[PlyCount "81"]
[EventDate "2016.11.19"]
[EventType "swiss"]
[EventRounds "11"]
[EventCountry "CZE"]
[SourceTitle "CBM 175 Extra"]
[Source "ChessBase"]
[SourceDate "2016.12.12"]
[SourceVersion "1"]
[SourceVersionDate "2016.12.12"]
[SourceQuality "1"]

1. Nc3 c5 2. Nf3 Nc6 3. e4 e6 4. Bb5 Nd4 5. a4 a6 6. Bd3 Nc6 7. 0-0 g5 8. Be2 Bg7 9. d3 g4 10. Ne1 h5 11. Be3 Bd4 12. Qd2 Nge7 13. Nd1 Qc7 14. c3 Bxe3 15. Nxe3 d6 16. N1c2 b6 17. f4 Bb7 18. b4 cxb4 19. cxb4 a5 20. b5 Nb8 21. Rac1 Nd7 22. Na3 Qd8 23. Qb2 Rg8 24. f5 e5 25. Nac4 Nc5 26. f6 Ng6 27. Nf5 Nxa4 28. Ncxd6+ Kd7 29. Qb3 Qxf6 30. Qxa4 Nf4 31. Qa2 Ra7 32. Qd2 Ba8 33. Qb2 g3 34. hxg3 Nxe2+ 35. Qxe2 Qg6 36. Qa2 f6 37. Qf2 Rb8 38. d4 Kd8 39. d5 a4 40. Rc3 a3 41. Qa2 1-0

[Event "Wch Seniors 50 26th"]
[Site "Marianske Lazne"]
[Date "2016.11.19"]
[Round "1"]
[White "Spiess, Thomas"]
[Black "Berezjuk, Sergej"]
[Result "1/2-1/2"]
[WhiteElo "1999"]
[BlackElo "2431"]
[PlyCount "141"]
[EventDate "2016.11.19"]
[EventType "swiss"]
[EventRounds "11"]
[EventCountry "CZE"]
[SourceTitle "CBM 175 Extra"]
[Source "ChessBase"]
[SourceDate "2016.12.12"]
[SourceVersion "1"]
[SourceVersionDate "2016.12.12"]
[SourceQuality "1"]

1. Nf3 Nf6 2. c4 c5 3. Nc3 d5 4. cxd5 Nxd5 5. d4 cxd4 6. Qxd4 Nxc3 7. Qxc3 Nc6 8. e4 e6 9. Bb5 Qb6 10. Bxc6+ Qxc6 11. Qxc6+ bxc6 12. Bd2 Ba6 13. Ne5 Bd6 14. Bc3 Rc8 15. 0-0-0 Bxe5 16. Bxe5 f6 17. Bc3 Ke7 18. Ba5 c5 19. Rd2 Bb5 20. Rhd1 Rhe8 21. Rd6 Bc6 22. f3 f5 23. e5 Kf8 24. R1d3 Bd5 25. a3 Re7 26. Rc3 Ke8 27. b4 c4 28. b5 Rd7 29. Bb4 g5 30. Kb2 h5 31. a4 g4 32. fxg4 fxg4 33. Rxd7 Kxd7 34. Rc2 Be4 35. Rd2+ Bd3 36. Kc3 Kc7 37. Rf2 Kb6 38. Rf7 a6 39. bxa6 Kxa6 40. Rd7 Rc6 41. g3 Bf5 42. Rd6 Kb7 43. Rxc6 Kxc6 44. Kxc4 Kb6 45. a5+ Ka6 46. Kc5 Bd3 47. Bd2 Bf5 48. Be1 Bb1 49. Kd6 Bf5 50. Ke7 Kb5 51. Kf6 Ka6 52. Kg5 Kb5 53. Kxh5 Ka6 54. Kg5 Kb5 55. Bd2 Ka6 56. Bf4 Kxa5 57. h4 gxh3 58. g4 Bc2 59. Kf6 Kb5 60. Kxe6 Kc6 61. Kf6 Kd7 62. e6+ Ke8 63. Bd6 Bd3 64. g5 Bc2 65. g6 Bd3 66. g7 Bh7 67. Bh2 Bg8 68. Bg3 Bh7 69. Bd6 Bg8 70. Bc7 Bh7 71. Bh2 1/2-1/2

[Event "Daehne Cup Region VII"]
[Site "Hannover"]
[Date "2013.05.30"]
[Round "1"]
[White "Spiess, Thomas"]
[Black "Graue, Rainer"]
[Result "1-0"]
[WhiteElo "1951"]
[BlackElo "1046"]
[PlyCount "87"]
[EventDate "2013.05.30"]
[EventType "k.o."]
[EventRounds "5"]
[EventCountry "GER"]
[SourceTitle "EXT 2022"]
[Source "ChessBase"]
[SourceDate "2021.10.06"]
[SourceVersion "1"]
[SourceVersionDate "2021.10.06"]
[SourceQuality "1"]

1. c4 c5 2. Nf3 d6 3. Nc3 Nc6 4. e3 Bg4 5. Be2 g6 6. d4 Bg7 7. d5 Bxf3 8. gxf3 Ne5 9. e4 Bf6 10. Be3 a6 11. Qd2 Qd7 12. h3 Qc8 13. Rc1 e6 14. f4 Nd7 15. dxe6 fxe6 16. Qxd6 Qc6 17. Qxc6 bxc6 18. e5 Bg7 19. Ne4 Bf8 20. Bg4 Be7 21. Bxe6 Nf8 22. Bg4 h5 23. Bf3 Ne6 24. Ke2 Rd8 25. Rcd1 Nd4+ 26. Bxd4 cxd4 27. Rhg1 Rh6 28. c5 Kf7 29. Rd3 Ke6 30. Rgd1 Kf5 31. Nd6+ Bxd6 32. Rxd4 g5 33. Rxd6 Rdxd6 34. cxd6 Kxf4 35. d7 g4 36. Rd4+ Kxe5 37. Re4+ Kf5 38. d8Q Nf6 39. hxg4+ hxg4 40. Qc8+ Kg5 41. Bxg4 Nxe4 42. Qf5+ Kh4 43. Bf3 Nf6 44. Qf4+ 1-0